000 04112cam a22012134i 4500
003 PE-LiUPU
005 20251231074856.0
008 150706s r 000 0 d
020 _a9586837165
035 _a(Sirsi) i9789586837163
040 _aPE-LiUPU
_bspa
_cPE-LiUPU
_erda
049 _aPRUA
082 0 4 _a370.1
_bB67
_221
100 1 _aBöhm, Winfeied,
_eautor.
245 1 0 _aRepensar la educación :
_bdiez preguntas para mejorar la docencia /
_cWinfried Böhm y Ernesto Schiefelbein.
264 1 _aBogotá :
_bPontificia Universidad Javeriana,
_c2004.
300 _a235 páginas :
_bilustraciones cuadros, diagramas, fotos y gráficas ;
_c24 centímetros
336 _atext
_2rdacontent
337 _aunmediated
_2rdamedia
338 _avolume
_2rdacarrier
505 0 _aInvitación provocadora para enseñar y educar mejor -- La educación como un hecho o dimensión de la actividad humana -- Tres modelos pedagógicos para elaborar conceptos de educación -- La producción del conocimiento y el concepto de ciencia condicionan la educación -- ¿Qué significa repensar la educación? ¿por qué hacerlo? -- Una propuesta para filosofar sobre la enseñanza en la sala de clases -- Platón: enseñanza: ¿"E(x)ducere" o "introducere"? -- Agustín: ¿puede enseñar, en verdad, el maestro? -- Herbart: ¿Importa la teoría pedagógica para la acción educativa? -- Schleiermacher: ¿Nos sirve un currículo para educar? -- Pestalozzi: el hombre es obra de ¿la naturaleza, la sociedad o sí mismo? -- Roussearu: ¿Es peligrosa la educación para el hombre? -- Freire versus Skinner: ¿educación liberadora o condicionante? -- Comenio: ¿debe darse la misma educación a cada persona? -- Marx: ¿Educación por el trabajo? -- Personalismo: ¿Qué criterio último puede orientar el trabajo diario del maestro?.
526 _aP202
526 _aP201
526 _aP163
526 _aP162
526 _aP161
526 _aP160
526 _aP148
526 _aP147
526 _aP146
526 _aP145
526 _aP144
526 _aP143
526 _aP142
526 _aP141
526 _aP140
526 _aP139
526 _aP138
526 _aP137
526 _aP136
526 _aP135
526 _aP134
526 _aP133
526 _aP129
526 _aP128
526 _aP127
526 _aP120
526 _aP119
526 _aP118
526 _aP116
526 _aP115
526 _aP114
526 _aP110
526 _aP109
526 _aP108
526 _aP104
526 _aP103
526 _aP102
526 _aP99
526 _aP98
526 _aP97
526 _aP96
526 _aP95
526 _aP93
526 _aP90
526 _aP89
526 _aP88
526 _aP83
526 _aP82
526 _aP62
526 _aP59
526 _aP58
526 _aP57
526 _aP51
526 _aP49
526 _aP48
526 _aP47
526 _aP29
526 _aP24
526 _aP20
526 _aP19
526 _aP17
526 _aP15
526 _aP14
526 _aP12
526 _aP10
526 _aP09
526 _aP08
526 _aP07
526 _aP06
526 _aP05
526 _aP04
526 _aP01
541 _g001-0031672;
650 0 4 _aEducación
_xHistoria.
650 0 0 _aFilosofía de la educación
_95207
650 0 4 _aTeoría de la educación.
910 _bjv
_clch
_d20100824
942 _2ddc
_cBOOK
949 _aPGE 370.1 B67
_wDEWEY
_c1
_i62017
_lCCODEBUL1
_mBUL
_p30.00
_r0
_sY
_tBOOK
_u2015-7-6
_xEDUCACION
_PP57
_0COMPRA
_o.CIRCNOTE. No olvidar cambiar la fecha de devolución!!!!!!!
_o.STAFF. Colección General
994 _aC0
_bPEPRU
596 _a1
999 _aPGE 370.1 B67
_wDEWEY
_c51131
_i62017
_d51131
_f2021-11-8
_g5
_lCCODEBUL1
_mBUL
_p30.00
_q1
_r0
_sY
_tBOOK
_u2015-7-6
_xEDUCACION
_PP57
_0COMPRA
_o.CIRCNOTE. No olvidar cambiar la fecha de devolución!!!!!!!
_o.STAFF. Colección General
980 _818226
_gJaime Vilcazán Jefe de Análisis Documental